000
00355nam a2200157Ia 4500
008
221030s9999 xx 000 0 und d
020
_a
8189093916
041
_a
English
082
_a
105.23
100
_a
M. Thomas
245
0
_a
Common Errors in English
260
_b
Lotus Press
_a
New Delhi
_c
2007
300
_a
251
650
_a
English
942
_c
BK
999
_c
5810
_d
5810